Movies Quiz

Random Movies or Oscar Quiz

His first best actor Oscar nomination? Quiz Stats

 Plays Quiz not verified by Sporcle

Score 0/64 Timer 03:00
0 Plays Today
Oscar Winner (Y) (N) % Correct
Ernest Borgnine???
80.5%
Yul Brynner???
80.5%
Lee Marvin???
80.5%
Richard Dreyfuss???
78%
Roberto Benigni???
75.6%
José Ferrer???
73.2%
Humphrey Bogart???
73.2%
Maximilian Schell???
73.2%
Paul Scofield???
73.2%
Art Carney???
73.2%
Ben Kingsley???
73.2%
F. Murray Abraham???
73.2%
Geoffrey Rush???
73.2%
Adrien Brody???
73.2%
David Niven???
70.7%
Charlton Heston???
70.7%
Cliff Robertson???
70.7%
Daniel Day-Lewis (1)???
70.7%
Jeremy Irons???
70.7%
Jean Dujardin???
70.7%
Gregory Peck???
68.3%
Marlon Brando (2)???
68.3%
Paul Newman???
68.3%
Jamie Foxx???
68.3%
Marlon Brando (1)???
65.9%
Gene Hackman???
65.9%
Jack Lemmon???
65.9%
Robert De Niro???
65.9%
Michael Douglas???
65.9%
Dustin Hoffman (2)???
65.9%
Nicolas Cage???
65.9%
Jack Nicholson (2)???
65.9%
Oscar Winner (Y) (N) % Correct
Kevin Spacey???
65.9%
Forest Whitaker???
65.9%
Matthew McConaughey???
65.9%
Gary Cooper (2)???
63.4%
Burt Lancaster???
63.4%
John Wayne???
63.4%
Jack Nicholson (1)???
63.4%
Dustin Hoffman (1)???
63.4%
Henry Fonda???
63.4%
William Hurt???
63.4%
Anthony Hopkins???
63.4%
Tom Hanks (2)???
63.4%
Philip Seymour Hoffman???
63.4%
Sean Penn (2)???
63.4%
Rex Harrison???
61%
Al Pacino???
61%
Denzel Washington???
61%
William Holden???
58.5%
Rod Steiger???
58.5%
Robert Duvall???
58.5%
Sidney Poitier???
56.1%
Jon Voight???
56.1%
Russell Crowe???
56.1%
Sean Penn (1)???
56.1%
Jeff Bridges???
56.1%
Daniel Day-Lewis (3)???
56.1%
Tom Hanks (1)???
53.7%
Daniel Day-Lewis (2)???
53.7%
George C. Scott???
53.7%
Alec Guinness???
51.2%
Colin Firth???
48.8%
Peter Finch???
41.5%

You're not logged in!

Compare scores with friends on all Sporcle quizzes.
OR
Log In

Sporcle TV

Today on Sporcle TV


Watch our educational content, quiz creation guides, and fun videos on Sporcle TV.

Show Comments

Extras

Top Quizzes Today


Score Distribution

Your Account Isn't Verified!

In order to create a playlist on Sporcle, you need to verify the email address you used during registration. Go to your Sporcle Settings to finish the process.

Report this User

Report this user for behavior that violates our Community Guidelines.

Details: